000
00310nam a2200133Ia 4500
008
241014s9999||||xx |||||||||||||| ||und||
020
_a
0-19-551552-8
100
_a
Baum,Fran
245
4
_a
The New Public Health
250
_a
2
260
_b
Oxford University Press
_c
2002
300
_a
504
942
_b
ION
_c
BK
999
_c
18156
_d
18156